01481nam a2200325 a 4500001001000000005001700010008004100027041000800068044000800076084002000084100005000104245014300154260002900297300001700326500021100343500006700554500005000621500001000671546002400681650005700705650006100762650003900823650005000862700004500912740005000957902000801007942001101015999001501026952011401041BRCA_325620190320204205.0120309s1821----enk#---###---#000-0#eng-# aeng aenk a557b.W59c18211 aCervantes Saavedra, Miguel ded1547-1616921310aThe Life and Exploits of Don Quixote de la ManchacTranslated from the Original Spanish of Miguel de Cervantes Saavedra by Charles Jarvis. aLondresbW. Wilsonc1821 a4 v.c18 cm. aContenido : v.1. Primera parte. Prefacio del traductor. Vida de Cervantes extractada de la escrita por Mayáns. Prólogo del autor. -- v.2. Texto. -- v.3. Segunda parte. Prólogo del autor. -- v.4. Texto aEjemplar por completo igual al anterior [556] Lúdovik Osterc aEstado físico : Encuadernación maltratada aQM444 aTexto en : inglés14aNovela españolayÉpoca clásica, 1500-1700921514aLiteratura españolayÉpoca clásica, 1500-1700921614aNovela españolaySiglo XVII921714aDon Quijote (Personaje ficticio)eNovela92181 aJarvis, Charlesd?-1739eTraductor986670 aEl Ingenioso Hidalgo Don Quijote de la Mancha aQFM 2lcccB c2992d2992 00104070aBRCAbBRCAd2009-03-12iQM444l0o557 .W59 1821 (QM444)p3253r2019-03-22 00:00:00w2019-03-22yB